| 000 | 00737nam a2200265Ia 4500 | ||
|---|---|---|---|
| 003 | OSt | ||
| 005 | 20220912145036.0 | ||
| 006 | a|||||r|||| 00| 0 | ||
| 007 | ta | ||
| 008 | 220909b |||||||| |||| 00| 0 eng d | ||
| 024 | _a67573 | ||
| 037 | _cTextual | ||
| 040 |
_aCSL _beng _cCSL |
||
| 041 | _aeng | ||
| 082 | _aB281, M0;4 | ||
| 100 | _aAraujo Aloiaio | ||
| 245 | 0 | _aCentral limit theorem for real and banch valued random variables | |
| 260 |
_aNew York _bJohn Wiley _c1980 |
||
| 300 |
_axi, 233p. _ccm. |
||
| 490 | _aility and mathematical statistics | ||
| 650 | _aProbability | ||
| 700 | _a Gine Evarist | ||
| 942 |
_hB281, M0;4 _cTEXL _2CC |
||
| 999 |
_c21625 _d21625 |
||